India's economic reforms: an examination of the effect of liberalization in selected segments (Record no. 54952)

000 -LEADER
fixed length control field 00826pab a2200193 454500
008 - FIXED-LENGTH DATA ELEMENTS--GENERAL INFORMATION
fixed length control field 180718b2001 xxu||||| |||| 00| 0 eng d
100 ## - MAIN ENTRY--PERSONAL NAME
Personal name Hegde, Dinesh
245 ## - TITLE STATEMENT
Title India's economic reforms: an examination of the effect of liberalization in selected segments
260 ## - PUBLICATION, DISTRIBUTION, ETC.
Date of publication, distribution, etc. 2001
300 ## - PHYSICAL DESCRIPTION
Extent p.5-29.
362 ## - DATES OF PUBLICATION AND/OR SEQUENTIAL DESIGNATION
Dates of publication and/or sequential designation Oct-Dec
520 ## - SUMMARY, ETC.
Summary, etc. In the present state of things, inflation is like Mark Twain's famous quip about the weather, "Everybody talks about the weather but nobody does anything about it," and reminiscent of the politician's platform for `flation' because he was against both inflation and deflation. - Reproduced.
650 ## - SUBJECT ADDED ENTRY--TOPICAL TERM
Topical term or geographic name entry element Economic liberalization - India
650 ## - SUBJECT ADDED ENTRY--TOPICAL TERM
Topical term or geographic name entry element Economic reform - India
650 ## - SUBJECT ADDED ENTRY--TOPICAL TERM
Topical term or geographic name entry element Economic reform
700 ## - ADDED ENTRY--PERSONAL NAME
Personal name Sadri, Sorab
773 ## - HOST ITEM ENTRY
Main entry heading IASSI Quarterly
909 ## -
-- 54952
Holdings
Withdrawn status Lost status Damaged status Not for loan Permanent Location Current Location Date acquired Serial Enumeration / chronology Barcode Date last seen Price effective from Koha item type
        Indian Institute of Public Administration Indian Institute of Public Administration 2018-07-19 Volume no: 20, Issue no: 2 AR55397 2018-07-19 2018-07-19 Articles

Powered by Koha